UBT Library

BEGINNING&INTERMEDIATE ALGEBRA (Record no. 59148)

000 -LEADER
fixed length control field 00322nam a22001457a 4500
008 - FIXED-LENGTH DATA ELEMENTS--GENERAL INFORMATION
fixed length control field 221208b ||||| |||| 00| 0 eng d
020 ## - INTERNATIONAL STANDARD BOOK NUMBER
International Standard Book Number 10012345678902
041 ## - LANGUAGE CODE
Language code of text/sound track or separate title eng
080 ## - UNIVERSAL DECIMAL CLASSIFICATION NUMBER
Universal Decimal Classification number 51
082 ## - DEWEY DECIMAL CLASSIFICATION NUMBER
Classification number 51GAY
100 ## - Rafti
Rafti 22.2
101 ## - Shkurtesa
Shkurtesa mate
245 ## - TITLE STATEMENT
Title BEGINNING&INTERMEDIATE ALGEBRA
Statement of responsibility, etc GAY M.E
942 ## - ADDED ENTRY ELEMENTS (KOHA)
Source of classification or shelving scheme
Item type Books
Holdings
Withdrawn status Lost status Source of classification or shelving scheme Damaged status Not for loan Collection code Permanent location Current location Date acquired Total Checkouts Full call number Barcode Date last seen Price effective from Koha item type
          Koleksioni i përgjithshem UBT - Lipjan UBT - Lipjan 12/08/2022   51GAY 002-8000287002601046 12/08/2022 12/08/2022 Books
UBT Library © 2015-2024. All rights reserved University Education for Business and Technology